| 000 -LEADER |
| fixed length control field |
04070nam a22006615i 4500 |
| 001 - CONTROL NUMBER |
| control field |
21675654 |
| 003 - CONTROL NUMBER IDENTIFIER |
| control field |
NUST |
| 005 - DATE AND TIME OF LATEST TRANSACTION |
| control field |
20200917144336.0 |
| 006 - FIXED-LENGTH DATA ELEMENTS--ADDITIONAL MATERIAL CHARACTERISTICS |
| fixed length control field |
m |o d | |
| 007 - PHYSICAL DESCRIPTION FIXED FIELD--GENERAL INFORMATION |
| fixed length control field |
cr ||||||||||| |
| 008 - FIXED-LENGTH DATA ELEMENTS--GENERAL INFORMATION |
| fixed length control field |
180125s2018 gw |||| o |||| 0|eng |
| 010 ## - LIBRARY OF CONGRESS CONTROL NUMBER |
| LC control number |
2019743580 |
| 020 ## - INTERNATIONAL STANDARD BOOK NUMBER |
| International Standard Book Number |
9783319728261 |
| 024 7# - OTHER STANDARD IDENTIFIER |
| Standard number or code |
10.1007/978-3-319-72826-1 |
| Source of number or code |
doi |
| 035 ## - SYSTEM CONTROL NUMBER |
| System control number |
(DE-He213)978-3-319-72826-1 |
| 038 ## - RECORD CONTENT LICENSOR |
| Staff Name |
MSOHAIL |
| 040 ## - CATALOGING SOURCE |
| Original cataloging agency |
DLC |
| Language of cataloging |
eng |
| Description conventions |
pn |
| -- |
rda |
| Transcribing agency |
DLC |
| 072 #7 - SUBJECT CATEGORY CODE |
| Subject category code |
RBK |
| Source |
bicssc |
| 072 #7 - SUBJECT CATEGORY CODE |
| Subject category code |
RBK |
| Source |
thema |
| 072 #7 - SUBJECT CATEGORY CODE |
| Subject category code |
SCI081000 |
| Source |
bisacsh |
| 082 04 - DEWEY DECIMAL CLASSIFICATION NUMBER |
| Classification number |
620.116 |
| Edition number |
23 |
| Author Mark |
BEA |
| 100 1# - MAIN ENTRY--PERSONAL NAME |
| Personal name |
Bear, Jacob. |
| Relator term |
author. |
| 9 (RLIN) |
30246 |
| 245 10 - TITLE STATEMENT |
| Title |
Modeling Phenomena of Flow and Transport in Porous Media / |
| Statement of responsibility, etc. |
by Jacob Bear. |
| 250 ## - EDITION STATEMENT |
| Edition statement |
1st ed. 2018. |
| 264 #1 - PRODUCTION, PUBLICATION, DISTRIBUTION, MANUFACTURE, AND COPYRIGHT NOTICE |
| Place of production, publication, distribution, manufacture |
Cham : |
| Name of producer, publisher, distributor, manufacturer |
Springer International Publishing : |
| -- |
Imprint: Springer, |
| Date of production, publication, distribution, manufacture, or copyright notice |
2018. |
| 300 ## - PHYSICAL DESCRIPTION |
| Extent |
1 online resource (XXV, 742 pages 109 illustrations, 15 illustrations in color.) |
| 336 ## - CONTENT TYPE |
| Content type term |
text |
| Content type code |
txt |
| Source |
rdacontent |
| 337 ## - MEDIA TYPE |
| Media type term |
computer |
| Media type code |
c |
| Source |
rdamedia |
| 338 ## - CARRIER TYPE |
| Carrier type term |
online resource |
| Carrier type code |
cr |
| Source |
rdacarrier |
| 347 ## - DIGITAL FILE CHARACTERISTICS |
| File type |
text file |
| Encoding format |
PDF |
| Source |
rda |
| 490 1# - SERIES STATEMENT |
| Series statement |
Theory and Applications of Transport in Porous Media, |
| International Standard Serial Number |
0924-6118 ; |
| Volume/sequential designation |
31 |
| 505 0# - FORMATTED CONTENTS NOTE |
| Formatted contents note |
Porous Media -- Some Elements of Thermodynamics -- Fundamental Balance Equations and Fluxes -- Momentum Balance and Motion Equations -- Modeling Single-Phase Mass Transport -- Modeling Multiphase Mass Transport -- Modeling Transport of Chemical Species -- Modeling Energy and Mass Transport -- Poromechanics and Deformation. |
| 520 ## - SUMMARY, ETC. |
| Summary, etc. |
This book presents and discusses the construction of mathematical models that describe phenomena of flow and transport in porous media as encountered in civil and environmental engineering, petroleum and agricultural engineering, as well as chemical and geothermal engineering. The phenomena of transport of extensive quantities, like mass of fluid phases, mass of chemical species dissolved in fluid phases, momentum and energy of the solid matrix and of fluid phases occupying the void space of porous medium domains are encountered in all these disciplines. The book, which can also serve as a text for courses on modeling in these disciplines, starts from first principles and focuses on the construction of well-posed mathematical models that describe all these transport phenomena. |
| 588 ## - SOURCE OF DESCRIPTION NOTE |
| Source of description note |
Description based on publisher-supplied MARC data. |
| 650 #0 - SUBJECT ADDED ENTRY--TOPICAL TERM |
| Topical term or geographic name entry element |
Environmental sciences. |
| 9 (RLIN) |
30247 |
| 650 #0 - SUBJECT ADDED ENTRY--TOPICAL TERM |
| Topical term or geographic name entry element |
Fossil fuels. |
| 9 (RLIN) |
30248 |
| 650 #0 - SUBJECT ADDED ENTRY--TOPICAL TERM |
| Topical term or geographic name entry element |
Heat engineering. |
| 9 (RLIN) |
30249 |
| 650 #0 - SUBJECT ADDED ENTRY--TOPICAL TERM |
| Topical term or geographic name entry element |
Heat transfer. |
| 9 (RLIN) |
30250 |
| 650 #0 - SUBJECT ADDED ENTRY--TOPICAL TERM |
| Topical term or geographic name entry element |
Hydrogeology. |
| 9 (RLIN) |
2321 |
| 650 #0 - SUBJECT ADDED ENTRY--TOPICAL TERM |
| Topical term or geographic name entry element |
Hydrology. |
| 9 (RLIN) |
261 |
| 650 #0 - SUBJECT ADDED ENTRY--TOPICAL TERM |
| Topical term or geographic name entry element |
Mass transfer. |
| 9 (RLIN) |
11005 |
| 650 #0 - SUBJECT ADDED ENTRY--TOPICAL TERM |
| Topical term or geographic name entry element |
Partial differential equations. |
| 9 (RLIN) |
30251 |
| 650 #0 - SUBJECT ADDED ENTRY--TOPICAL TERM |
| Topical term or geographic name entry element |
Thermodynamics. |
| 9 (RLIN) |
7134 |
| 650 14 - SUBJECT ADDED ENTRY--TOPICAL TERM |
| Topical term or geographic name entry element |
Hydrogeology. |
| Authority record control number or standard number |
https://scigraph.springernature.com/ontologies/product-market-codes/G19005 |
| 9 (RLIN) |
2321 |
| 650 24 - SUBJECT ADDED ENTRY--TOPICAL TERM |
| Topical term or geographic name entry element |
Engineering Thermodynamics, Heat and Mass Transfer. |
| Authority record control number or standard number |
https://scigraph.springernature.com/ontologies/product-market-codes/T14000 |
| 9 (RLIN) |
30252 |
| 650 24 - SUBJECT ADDED ENTRY--TOPICAL TERM |
| Topical term or geographic name entry element |
Environmental Science and Engineering. |
| Authority record control number or standard number |
https://scigraph.springernature.com/ontologies/product-market-codes/G37000 |
| 9 (RLIN) |
30253 |
| 650 24 - SUBJECT ADDED ENTRY--TOPICAL TERM |
| Topical term or geographic name entry element |
Fossil Fuels (incl. Carbon Capture). |
| Authority record control number or standard number |
https://scigraph.springernature.com/ontologies/product-market-codes/114000 |
| 9 (RLIN) |
30254 |
| 650 24 - SUBJECT ADDED ENTRY--TOPICAL TERM |
| Topical term or geographic name entry element |
Hydrology/Water Resources. |
| Authority record control number or standard number |
https://scigraph.springernature.com/ontologies/product-market-codes/211000 |
| 9 (RLIN) |
30255 |
| 650 24 - SUBJECT ADDED ENTRY--TOPICAL TERM |
| Topical term or geographic name entry element |
Partial Differential Equations. |
| Authority record control number or standard number |
https://scigraph.springernature.com/ontologies/product-market-codes/M12155 |
| 9 (RLIN) |
30256 |
| 776 08 - ADDITIONAL PHYSICAL FORM ENTRY |
| Relationship information |
Print version: |
| Title |
Modeling phenomena of flow and transport in porous media. |
| International Standard Book Number |
9783319728254 |
| Record control number |
(DLC) 2017961494 |
| 776 08 - ADDITIONAL PHYSICAL FORM ENTRY |
| Relationship information |
Printed edition: |
| International Standard Book Number |
9783319728254 |
| 776 08 - ADDITIONAL PHYSICAL FORM ENTRY |
| Relationship information |
Printed edition: |
| International Standard Book Number |
9783319728278 |
| 776 08 - ADDITIONAL PHYSICAL FORM ENTRY |
| Relationship information |
Printed edition: |
| International Standard Book Number |
9783319892153 |
| 830 #0 - SERIES ADDED ENTRY--UNIFORM TITLE |
| Uniform title |
Theory and Applications of Transport in Porous Media, |
| International Standard Serial Number |
0924-6118 ; |
| Volume/sequential designation |
31 |
| 9 (RLIN) |
30257 |
| 856 40 - ELECTRONIC LOCATION AND ACCESS |
| Uniform Resource Identifier |
<a href="https://hdl.loc.gov/loc.gdc/stacks.2019743580">https://hdl.loc.gov/loc.gdc/stacks.2019743580</a> |
| Public note |
Available onsite via Stacks |
| 906 ## - LOCAL DATA ELEMENT F, LDF (RLIN) |
| a |
0 |
| b |
ibc |
| c |
origres |
| d |
u |
| e |
ncip |
| f |
20 |
| g |
y-gencatlg |
| 942 ## - ADDED ENTRY ELEMENTS (KOHA) |
| Source of classification or shelving scheme |
|
| Koha item type |
Book |